000 00631nam a22002537a 4500
003 UA-OsUOA
001 25230
007 ta
008 20040324b un ||||| |||| 00| 0 ukr d
100 _aЛуков В.А.
090 _a316.3(075.8)
_bЛ84
942 _cBK
040 _aUA-OsUOA
_brus
_cUA-OsUOA
_dUA-OsUOA
245 _aСоциальное проектирование
_bУчебное пособие
300 _a240 с.
955 _a0
041 _arus
080 _a316.3(075.8)
020 _a5-85085-747-8
260 _aМосква
_bФлинта
_c2003
044 _aRU
650 7 _2UDC
999 _c311522
_d311522